000 00647nam a2200229Ia 4500
003 OSt
005 20221006164654.0
006 a|||||r|||| 00| 0
007 ta
008 221006b |||||||| |||| 00| 0 hin d
024 _a4,220
037 _cTextual
040 _aFML
_cFML
_bhin
041 _2hin
_ahin
082 _aNRV52 5, Q1
100 _aGupta Rashmi Au.
_9677355
245 0 _aSwatantrottar Kaal Main Sitar Vadan Ki Parampara Evam Gharana
260 _aAllahabad
_bAnubhav Publishing House India
_c2011
300 _a328
_ccm.
942 _hNRV52 5, Q1
_cTEXL
_2CC
999 _c1118060
_d1118060